2025 Preseason CFB AP Poll - Statistics

General Stats
  • This quiz has been taken 52 times
  • The average score is 20 of 25
Answer Stats
Rank Team % Correct
19 Texas A&M
100%
1 Texas
98%
3 Ohio State
95%
5 Georgia
93%
7 Oregon
90%
10 Miami (FL)
88%
2 Penn State
88%
15 Florida
85%
13 South Carolina
85%
4 Clemson
83%
9 LSU
83%
20 Indiana
80%
6 Notre Dame
80%
24 Tennessee
80%
8 Alabama
76%
14 Michigan
76%
12 Illinois
73%
18 Oklahoma
73%
23 Texas Tech
73%
21 Ole Miss
71%
11 Arizona State
68%
22 Iowa State
63%
25 Boise State
59%
17 Kansas State
56%
16 SMU
56%
No matching quizzes found
Score Distribution
Percent of People with Each Score
Percentile by Number Answered
Your Score History
You have not taken this quiz